000 00738nam a2200265Ia 4500
005 20260121125458.0
008 008 260114s9999 xx 000 0 eng d
020 _a9781463234683
037 _aEBOOK
040 _aCRL
040 _beng
040 _cCRL
041 _2eng
041 _aeng
084 _qCRL
245 0 _aIndex of Notable Persons in the Syriac Tradition within Select Arabic Sources: An Adaptation of G. Kirazs Catalogue at the Beth Mardutho Research Library
260 _bWalter de Gruyter
260 _bWalter de Gruyter
260 _c2011
650 _aArabic
_9993645
856 _uhttp://www.degruyter.com/isbn/9781463234683
942 _cEBOOK
999 _c1562326
_d1562326